Loading...
The complete encyclopedia of football/
| Main Author: | |
|---|---|
| Format: | Printed Book |
| Language: | English |
| Published: |
London
Carlton Book
1998
|
| LEADER | 00423nam a2200133Ia 4500 | ||
|---|---|---|---|
| 008 | 160725s9999||||xx |||||||||||||| ||eng|| | ||
| 020 | |a 1858684870 | ||
| 100 | |a Radnedge, Keir/Ed | ||
| 245 | 4 | |a The complete encyclopedia of football/ | |
| 260 | |b Carlton Book |a London | ||
| 260 | |c 1998 | ||
| 300 | |a p. | ||
| 999 | |c 297486 |d 297486 | ||
| 952 | |0 0 |1 0 |4 0 |7 0 |8 CPE |9 338149 |a DPE |b DPE |c ST1 |d 2016-07-25 |g 2581.00 |i 904 |l 0 |p CPE904 |r 2016-07-25 |w 2016-07-25 |y BK | ||